| 000 | 00000nam##2200000za#4500 |
| 001 | 9.690364 |
| 003 | CaOODSP |
| 005 | 20210624232307 |
| 007 | cr ||||||||||| |
| 008 | 150407|2007||||xxc|||||o f|0| 0 eng|d |
| 020 | |a978-0-662-47080-9 |
| 040 | |aCaOODSP|beng |
| 043 | |an-cn--- |
| 086 | 1 |aM141-20/2007E-PDF |
| 110 | 1 |aCanada.|bNatural Resources Canada. |bOffice of Energy Efficiency. |
| 245 | 10|aBuildings publications |h[electronic resource] |
| 260 | |aOttawa - Ontario : |bNatural Resources Canada. |cSpring 2008. |
| 300 | |a4p. |
| 500 | |aAt head of title: ecoENERGY - an ecoACTION initiative. |
| 590 | |a13-24-Supp|b2013-10-18 |
| 690 | 07|aGovernment publications|2gcpds |
| 775 | 08|tPublications sur les bâtiments |w(CaOODSP)9.634727 |
| 776 | 0#|tBuildings publications |w(CaOODSP)9.650941 |
| 856 | 40|ahttp://publications.gc.ca|qPDF|s204 KB|uhttps://publications.gc.ca/collections/collection_2013/rncan-nrcan/M141-20-2007-eng.pdf |